Vplyv vybraných nanomateriálov na mikroorganizmy

Enregistré dans:
Détails bibliographiques
Auteur principal: Brandeburová, Paula (Auteur)
Autres auteurs: Mackuľak, Tomáš (Directeur de thèse)
Format: Manuscrit Livre
Langue:slovaque
Publié: 2016
Sujets:
Accès en ligne:http://is.stuba.sk/zp/portal_zp.pl?podrobnosti=120947
Tags: Ajouter un tag
Pas de tags, Soyez le premier à ajouter un tag!

MARC

LEADER 00000ntm a22000003a 4500
001 stuzp58107
003 SK-STU
005 20160719155452.2
007 ta
008 150427s2015----xo-----f-mn---000-0-slo-d
040 |a STU  |b slo 
041 0 |a slo 
100 1 |a Brandeburová, Paula  |u 046290  |4 aut  |U FCHPT Ústav chemického a environmentálneho inžinierstva  |T FCHPT Oddelenie environmentálneho inžinierstva  |X 43106  |U C6290  |Y 120  |7 43106 
242 0 1 |a The influence of selected nanomaterials on microorganisms  |y eng 
245 1 0 |a Vplyv vybraných nanomateriálov na mikroorganizmy 
260 |c 2016 
650 4 |a odpadová voda  |2 slo 
650 4 |a nanomateriály  |2 slo 
650 4 |a nanotechnológie  |2 slo 
650 4 |a mikroorganizmy  |2 slo 
650 4 |a toxicita  |2 slo 
650 4 |a mikropolutanty  |2 slo 
650 4 |a wastewater  |2 eng 
650 4 |a microorganisms  |2 eng 
650 4 |a toxicity  |2 eng 
650 4 |a micropollutants  |2 eng 
650 4 |a nanomaterials  |2 eng 
650 4 |a nanotechnologies  |2 eng 
700 1 |a Mackuľak, Tomáš  |u 046290  |k Z2  |4 ths  |U FCHPT Ústav chemického a environmentálneho inžinierstva  |T FCHPT Oddelenie environmentálneho inžinierstva  |X 25433  |U C6290  |Y 120  |7 A000025433 
856 4 |u http://is.stuba.sk/zp/portal_zp.pl?podrobnosti=120947 
SQL |a stuzp58107  |b DDP  |c SLO  |d Vplyv vybraných nanomateriálov na mikroorganizmy  |e 43106  |f Brandeburová, Paula  |g 046290  |h 25433  |i Mackuľak, Tomáš  |j 20160606  |k 1086  |l 04  |m http://is.stuba.sk/zp/portal_zp.pl?podrobnosti=120947  |n I-TOZP  |o 5.2.18. chemické technológie